| 000 | 00000nam 2200000za 4500 |
| 001 | 9.801240 |
| 003 | CaOODSP |
| 005 | 20221107134747 |
| 007 | cr ||||||||||| |
| 008 | 150609s2015xxxxxxc |o f00| 0 fre d |
| 040 | |aCaOODSP|bfre |
| 043 | |an-cn--- |
| 086 | |aIR4-8/2015F-PDF |
| 110 | 1 |aCanada.|bCommission de vérité et réconciliation du Canada. |
| 245 | 10|aCommission de vérité et réconciliation du Canada |h[ressource électronique] : |bappels à l'action. |
| 260 | |a[Ottawa] : |bCommission de vérité et réconciliation du Canada,|c2015. |
| 300 | |a13 p. |
| 500 | |aPublié aussi en anglais sous le titre : Truth and Reconciliation Commission of Canada : calls to action. |
| 692 | 07|2gccst|aÉcole résidentielle |
| 692 | 07|2gccst|aAutochtones |
| 775 | 08|tTruth and Reconciliation Commission of Canada |w(CaOODSP)9.801236 |
| 856 | 40|qPDF|s441 Ko|uhttps://publications.gc.ca/collections/collection_2015/trc/IR4-8-2015-fra.pdf |